000 00556nam a2200181Ia 4500
001 13350
005 20260306164754.0
008 260306t2011||||xx |||||||||||||| ||spa||
041 _aESP
082 _a001.42
_bU61
100 _aUniversidad Católica San Pablo. Dirección de Investigación
_eAUT
245 0 _aOrientaciones para la investigación en la Universidad Católica San Pablo :
_bDisposiciones generales de la Dirección de Investigación
260 _c2011
300 _a
_c
650 _aGEN
654 _aCHU
942 _cLIB
_dJUS
_fJUS
_2ddc
_n
999 _c13350
_d13350